| 000 | 00878nam a2200241 i 4500 | ||
|---|---|---|---|
| 001 | 12493 | ||
| 003 | ES-MaACL | ||
| 005 | 20230906150327.0 | ||
| 008 | 921013s1989 sp |||| | spa d | ||
| 020 | _a84-235-0858-7 | ||
| 080 | _a325(=1.460.16:8=60)(093) | ||
| 245 | 0 | 0 |
_aEmigración navarra del valle de Baztán a América durante el siglo XIX _b: inventario de documentos / _cCarlos J. Idoate Ezquieta. |
| 260 |
_aNavarra : _bDepartamento de Educación y Cultura, _cD.L. 1989. |
||
| 300 |
_a521 p. ; _c24 cm. |
||
| 490 | 1 |
_aHistoria ; _v58 |
|
| 500 | _aÍndice. | ||
| 650 | 1 | 4 |
_aNavarros- _zAmérica española- _vHistoria- _vFuentes. _9169411 |
| 700 | 1 |
_aIdoate, Carlos. _965048 |
|
| 710 | 1 |
_aNavarra (Comunidad Autónoma). _bDepartamento de Educación y Cultura. _95980 |
|
| 830 | 0 |
_aHistoria ; _v58 _9177536 |
|
| 852 |
_aES-MaACL _jL-19701 |
||
| 999 |
_c12493 _d12493 |
||